00601nam a2200169 a 450000100100000000500170001000800410002702000150006804000250008308200220010810000300013024500680016026000720022830000340030050400320033465000650036600000704620200929154043.0090904s1999 dr ab r 000 0 spa d a8489953147 aDO-SdBNPbspacBNPHU a769.567293bM948e1 aMueses, Danilo A.,d1934-10aEmisiones postales dominicanas (1865-1965) /cDanilo A. Mueses. aSanto Domingo :bBanco Central de la República Dominicana,c1999. a334 p. :bil., map. ;c28 cm. aBibliografía : p. 331-334 4aSellos postaleszRepública DominicanaxHistoriay1865-1965